Culture Générale - Clic Quiz - La réponse est en emoji par IA #28 - Statistiques

Statistiques générales
  • Ce quiz a été pris 190 fois
  • Le résultat moyen est 21 sur 40
Statistiques - réponses
Hint Réponse % Correct
Mario
95%
Luigi
94%
Dracula
92%
Quasimodo
90%
Winnie the Pooh
90%
Christophe Colomb
88%
Jean-Claude Van Damme
84%
DJ Snake
80%
Wentworth Miller (Michael Scofield dans Prison Break)
79%
Didier Raoult
75%
Chris Hemsworth
72%
V (V pour Vendetta)
70%
Magic Johnson
69%
John Rambo
69%
Matthieu Chedid
62%
Philippe Coutinho
59%
Clément Lenglet
55%
Carl Lewis
55%
Dominic Thiem
53%
Ace Ventura
53%
George Michael
51%
Steven Seagal
50%
Joaquín « El Chapo » Guzmán
48%
Steven Yeun (Glenn dans The Walking Dead)
47%
Avicii
43%
Jacques-Yves Cousteau
34%
Boy George
34%
Sébastien Tellier
32%
Wes Anderson
31%
Louis Tomlinson
28%
Armin van Buuren
27%
Lyndon B. Johnson
27%
Hubert Reeves
26%
Louis Althusser
25%
John Wayne Gacy
21%
Jacques Prévert
19%
Joe Montana
19%
Neil deGrasse Tyson
19%
Jean-Pierre Léaud
18%
George Soros
14%
Aucun quiz correspondant
Distribution des résultats
% des personnes avec chaque résultat
Percentile par nombre de réponses
Votre historique - résultats
Vous n’avez pas pris ce quiz